Engineering and Construction Law / (Record no. 626)

MARC details
000 -LEADER
fixed length control field 00508nam a22001697a 4500
005 - DATE AND TIME OF INPUT
control field 20231114121133.0
008 - DATA ELEMENTS--GENERAL INFORMATION
fixed length control field 231114b |||||||| |||| 00| 0 eng d
020 ## - INTERNATIONAL STANDARD BOOK NUMBER
International Standard Book Number 0702115630
041 ## - LANGUAGE CODE
Language code of text English
082 ## - SHELF NUMBER
DDC number 344.6 LOO
100 ## - MAIN AUTHOR
Main author's name Loots, PC
Language of a work English
245 ## - TITLE STATEMENT
Title Engineering and Construction Law /
Statement of responsibility, etc. PC Loots
260 ## - PUBLICATION, DISTRIBUTION, ETC.
Place of publication, distribution, etc. Cape Town :
Name of publisher, distributor, etc. Juta and Company Ltd,
Date of publication, distribution, etc. 1985
300 ## - PHYSICAL DESCRIPTION
Other physical details xxxv, 431 pages ;
Dimensions 26,2 cm.
650 ## - SUBJECT`
Broad subject Legal practice
Own subject terms Law
942 ## - ADDED ENTRY ELEMENTS (KOHA)
Item type Books
942 ## - ADDED ENTRY ELEMENTS (KOHA)
-- ALISON_BN_VRIES
Holdings
Source of classification or shelving scheme Not for loan Collection code Home library Current library Shelving location Date acquired Full call number Barcode Price effective from Koha item type
Dewey Decimal Classification   TEXT BOOKS LAW SOCIETY OF NAMIBIA LIBRARY - WINDHOEK LAW SOCIETY OF NAMIBIA LIBRARY - WINDHOEK Construction and engineering 11/14/2023 344.6 LOO LSN/1987/149 11/14/2023 Books
Dewey Decimal Classification   TEXT BOOKS LAW SOCIETY OF NAMIBIA LIBRARY - WINDHOEK LAW SOCIETY OF NAMIBIA LIBRARY - WINDHOEK Construction and engineering 11/14/2023 344.6 LOO LSN/1986/57 11/14/2023 Books